000 00447nam a22001457a 4500
005 20240419151437.0
008 240419b ||||| |||| 00| 0 eng d
040 _cAIMIT LIBRARY
100 _aVeigas, Lailesh
_e2117031
_9161571
245 _aChat App /
_cBy Lailesh Veigas
700 _aPinto, Jeevan L J
_eMentor
_9161572
700 _aShetty, Subas
_eGuide
_9161573
856 _3DevAppsys IT Solutions
_uhttps://devappsys.com/
942 _2ddc
_cPRO
999 _c230723
_d230723